Punishment in Islamic Law/ (Record no. 194979)
[ view plain ]
| 000 -LEADER | |
|---|---|
| fixed length control field | 00611nam a22001937a 4500 |
| 005 - DATE AND TIME OF LATEST TRANSACTION | |
| control field | 20250703165628.0 |
| 010 ## - LCCN (DPL NO) | |
| LC control number | ENG-136125 ENG-145679 |
| 020 ## - INTERNATIONAL STANDARD BOOK NUMBER | |
| Terms of availability | 70.00 |
| 035 ## - SYSTEM CONTROL NUMBER | |
| System control number | EN-119657 |
| 035 ## - SYSTEM CONTROL NUMBER | |
| System control number | EN-129211 |
| 037 ## - SOURCE OF ACQUISITION | |
| Source of stock number/acquisition | DBAD/PUB |
| 082 ## - DEWEY DECIMAL CLASSIFICATION NUMBER | |
| Classification number | 270.14 |
| 100 ## - MAIN ENTRY--PERSONAL NAME | |
| Personal name | El-Awa, Mohammed S. |
| 245 ## - TITLE STATEMENT | |
| Title | Punishment in Islamic Law/ |
| Statement of responsibility, etc | Mohammed S. El-Awa |
| 260 ## - PUBLICATION, DISTRIBUTION, ETC. (IMPRINT) | |
| Place of publication, distribution, etc | New Delhi |
| Name of publisher, distributor, etc | Markazi Maktaba Islami Publishers |
| Date of publication, distribution, etc | 2001 |
| 270 ## - ADDRESS | |
| Address | D-307, Dawat Nagar, Abul Fazl Enclave, Jamia Nagar, Okhla |
| City | New Delhi |
| Postal code | 110025 |
| 300 ## - PHYSICAL DESCRIPTION | |
| Extent | 240p. |
| Other physical details | Index |
| Dimensions | 22cm(pbk) |
| 942 ## - ADDED ENTRY ELEMENTS (KOHA) | |
| Source of classification or shelving scheme | Dewey Decimal Classification |
| Item type | English Books |
| Classification part | 270.14 |
| Call number suffix | ELA |
| Withdrawn status | Lost status | Not for loan | Collection code | Home library | Current library | Date acquired | Source of acquisition | Cost, normal purchase price | Full call number | Barcode | Copy number | Cost, replacement price | Koha item type |
|---|---|---|---|---|---|---|---|---|---|---|---|---|---|
| Non-fiction | R.K.Puram-8 | R.K.Puram-8 | 06/02/2023 | DBAD/PUB | 70.00 | 270.14 ELA | EN-119657 | 1 | 70.00 | English Books | |||
| Non-fiction | Sarojini Nagar | Sarojini Nagar | 03/07/2025 | Delivery of Books Act Division | 70.00 | 270.14 ELA | EN-129211 | 1 | 70.00 | English Books |
